| 000 | 00425nam a2200157Ia 4500 | ||
|---|---|---|---|
| 005 | 20250324010826.0 | ||
| 008 | 240331s9999 xx 000 0 und d | ||
| 082 |
_bPAT _a894 |
||
| 100 | _aPattinaththar, | ||
| 245 | 0 |
_aPaddinaththar padalkal : _bmoolamum uraiyum |
|
| 250 | _a2nd | ||
| 260 |
_aChennai _bVarthamaanan pathippagam _c1996 |
||
| 300 | _a640 p ., | ||
| 500 | _aPattinathaar padalkalin moolamum uraium | ||
| 942 | _cL | ||
| 999 |
_c4078 _d4078 |
||